|
|
|
|
| LEADER |
01080nam a2200241 a 4500 |
| 001 |
00024366 |
| 008 |
120126s2011 enk b 000 0 eng |
| 040 |
|
|
|a BD-DhAAL
|c BD-DhAAL
|
| 020 |
|
|
|a 9780194372077
|
| 020 |
|
|
|a 0194372073 (pbk)
|
| 082 |
0 |
0 |
|a 306.44
|2 22
|
| 100 |
1 |
|
|a Yule, George,
|d 1947-
|
| 245 |
1 |
0 |
|a Pragmatics /
|c George Yule.
|
| 260 |
|
|
|a Oxford :
|b Oxford University Press,
|c c1996 [Printed 2011]
|
| 300 |
|
|
|a xiv, 138 p. ;
|c 20 cm.
|
| 490 |
0 |
|
|a Oxford introductions to language study
|
| 504 |
|
|
|a Includes bibliographical references [117-126 p.]
|
| 541 |
|
|
|e 00024366
|
| 650 |
|
0 |
|a Pragmatics
|
| 852 |
1 |
|
|a Ayesha Abed Library
|c General shelf.
|
| 999 |
|
|
|c 11875
|d 11875
|
| 952 |
|
|
|0 0
|1 0
|4 0
|6 306_440000000000000_YUL
|7 0
|9 19418
|a BRACUL
|b BRACUL
|c GEN
|d 2012-02-15
|e Karim International
|g 1425.00
|l 2
|m 20
|o 306.44 YUL
|p 3010024366
|r 2017-10-07
|s 2017-06-03
|t 1
|w 2012-02-15
|y BK
|x Available
|
| 952 |
|
|
|0 0
|1 0
|2 ddc
|4 0
|6 306_440000000000000_YUL
|7 0
|9 23334
|a BRACUL
|b BRACUL
|c GEN
|d 2013-09-08
|e Paragon Enterprise
|g 1236.00
|l 7
|m 42
|o 306.44 YUL
|p 3010027461
|r 2024-06-02
|s 2024-05-23
|t 2
|w 2013-09-08
|y BK
|